Jowitt`s dictionary of English law. First supplement to he second edition (Record no. 85476)

MARC details
000 -LEADER
fixed length control field 00506cam a2200193 4500
001 - CONTROL NUMBER
control field D6288
008 - FIXED-LENGTH DATA ELEMENTS--GENERAL INFORMATION
fixed length control field 090401t1981 xxu||||| |||| 00| 0 eng d
035 ## - SYSTEM CONTROL NUMBER
System control number (Sirsi) u18
041 ## - LANGUAGE CODE
Language code of text/sound track or separate title eng
050 ## - LIBRARY OF CONGRESS CALL NUMBER
Classification number 340.03
100 ## - MAIN ENTRY--PERSONAL NAME
Personal name Jowitt, William Allen Earl
245 ## - TITLE STATEMENT
Title Jowitt`s dictionary of English law. First supplement to he second edition
260 ## - PUBLICATION, DISTRIBUTION, ETC.
Place of publication, distribution, etc. London
Name of publisher, distributor, etc. Sweet and Maxwell
Date of publication, distribution, etc. 1981
300 ## - PHYSICAL DESCRIPTION
Extent v. 101p. 25cm
350 ## - PRICE (NR) (BK AM CF MU VM SE) [OBSOLETE]
Price 12.5
700 ## - ADDED ENTRY--PERSONAL NAME
Personal name Williams, Emlyn
942 ## - ADDED ENTRY ELEMENTS (KOHA)
Suppress in OPAC 0
948 ## - LOCAL PROCESSING INFORMATION (OCLC); SERIES PART DESIGNATOR (RLIN)
c (OCLC) 04/03/1997
Holdings
Withdrawn status Lost status Source of classification or shelving scheme Damaged status Not for loan Home library Current library Shelving location Date acquired Cost, normal purchase price Total Checkouts Full call number Barcode Date last seen Copy number Cost, replacement price Price effective from Koha item type
    Dewey Decimal Classification     London London Enquiry desk 14/09/1999 12.50   ENQUIRY DESK 30031844 06/08/2019 1 12.50 06/08/2019 Reference material